00391pab a2200133 454500008004000000100002700040245004700067260000900114300001300123650002100136650003900157650002800196773003300224180718b1999 xxu||||| |||| 00| 0 eng d aConnors, Michael Kelly aPolitical reform and the state in Thailand c1999 ap.202-26 aState - Thailand aThailand - Politics and government aPolitics and government aJournal of Contemporary Asia